| 000 | 00468nam a22001457a 4500 | ||
|---|---|---|---|
| 003 | 0 | ||
| 005 | 20160609172136.0 | ||
| 008 | 130812t xxu||||| |||| 00| 0 eng d | ||
| 040 |
_aBUAC _bFr _cBEPAC |
||
| 100 |
_aASSOGBA I, Orgely Doris _926012 |
||
| 245 |
_aApprovisionnement et consommation du bois de feu dans la ville de PORTO-NOVO _cASSOGBA I, Orgely Doris |
||
| 260 |
_aAbomey-Calavi _bEcole Polytechnique d’Abomey-Calavi _c2007 |
||
| 300 | _a50p. | ||
| 942 | _cTHE | ||
| 999 |
_c52296 _d52296 |
||